00290nam a2200109Ia 4500008004100000020001800041040002900059050002300088100001900111245001700130260003300147230104s9999||||xx |||||||||||||| ||und|| a0-07-463939-0 cChuka University Library aLB 1051 bT46 2000 aThorpe, Edgar. 0aMental State aMcGraw-HillbNew Dehlic2000